Cestné stavby, a.s., Košice analýza spoločnosti
Analýza spoločnosti Cestné stavby, a.s., Košice. Predmet činnosti. Obchodná situácia. Finančná situácia. Štruktúra pasív. Štruktúra cudzích zdrojov spoločnosti. Finančná analýza spoločnosti.
Guardado en:
| Autor principal: | |
|---|---|
| Formato: | Capítulo de libro |
| Lenguaje: | eslovaco inglés |
| Materias: | |
| Etiquetas: |
Sin Etiquetas, Sea el primero en etiquetar este registro!
|
MARC
| LEADER | 00000naa a2200000 4500 | ||
|---|---|---|---|
| 001 | r034331 | ||
| 005 | 20230426113137.4 | ||
| 041 | 0 | |a slo | |
| 041 | 0 | |a eng | |
| 044 | |a SK | ||
| 245 | 1 | 0 | |a Cestné stavby, a.s., Košice |b analýza spoločnosti |c Martin Ilavský |
| 520 | |a Analýza spoločnosti Cestné stavby, a.s., Košice. Predmet činnosti. Obchodná situácia. Finančná situácia. Štruktúra pasív. Štruktúra cudzích zdrojov spoločnosti. Finančná analýza spoločnosti. | ||
| 610 | 2 | 0 | |a analýza finančná |
| 610 | 2 | 0 | |a Cestné stavby, a.s. Košice |
| 610 | 2 | 0 | |a podnik |
| 610 | 2 | 0 | |a stavebníctvo |
| 610 | 2 | 0 | |a Slovensko |
| 610 | 2 | 0 | |a 1995-1998 |
| 610 | 2 | 0 | |a financie podnikové |
| 100 | 1 | |a Ilavský, Martin | |